000 00668nam a2200277Ia 4500
005 20260324113935.0
008 008 260324s9999 xx 000 0 eng d
020 _a9781003433798
037 _aEBOOK
040 _aCRL
040 _beng
040 _cCRL
041 _2eng
041 _aeng
084 _qCRL
100 _aIwona Otola; Marlena Grabowska; Zoran Krupka
_91148784
245 0 _aTrust and Organizational Resilience
260 _bTaylor and Francis
260 _c2023
365 _a
365 _b230
856 _uhttp://www.taylorfrancis.com/books/9781003433798
942 _cEBOOK
999 _c1738701
_d1738701